Theories of learning (Record no. 26335)

MARC details
000 -LEADER
fixed length control field 00328nam a2200133Ia 4500
082 ## - DEWEY DECIMAL CLASSIFICATION NUMBER
Classification number 159.953
Item number HIL
100 ## - MAIN ENTRY--AUTHOR NAME
Personal name Bower, Gordon H
245 #0 - TITLE STATEMENT
Title Theories of learning
250 ## - EDITION STATEMENT
Edition statement Ed.4
260 ## - PUBLICATION, DISTRIBUTION, ETC. (IMPRINT)
Place of publication New Delhi
Name of publisher Prentice Hall
Year of publication 1977
700 ## - ADDED ENTRY--PERSONAL NAME
Personal name Hilgard, Ernest R
942 ## - ADDED ENTRY ELEMENTS (KOHA)
Koha item type Books
Holdings
Withdrawn status Lost status Damaged status Not for loan Home library Current library Date acquired Cost, normal purchase price Full call number Accession Number Koha item type
        RRII Library RRII Library 16/12/2021 20.00 159.953 HIL 06972 Books